000 00475nmm a2200157Ia 4500
008 251105s9999||||xx |||||||||||||||||und||
020 _a9788431541361
041 _aspa
100 _aMüller, Isa
245 0 _aLas trampas del Alemán
264 _a[Madrid, España] :
_bDe Vecchi,
_c[Fecha de publicación no identificada]
300 _a0 páginas
650 _aOther Literatures and languages
856 _uhttps://public.digitaliapublishing.com/a/122391
942 _cCF
999 _c81600
_d81600